| 000 | 00850nam a22002657a 4500 | ||
|---|---|---|---|
| 001 | 3993 | ||
| 003 | FISKH | ||
| 005 | 20241024094157.0 | ||
| 008 | 240529b cb ||||| |||| 00| 0 eng d | ||
| 020 | _a9780060763909 | ||
| 040 |
_aFISKH _beng _cFISKH _dFISKH |
||
| 050 | _aPS3566.R36 | ||
| 082 | _a811.54 | ||
| 100 |
_aPrelutsky, Jack _d1940- |
||
| 245 |
_aIt's raining pigs & noodles / _cPrelutsky Jack |
||
| 260 |
_aNew York : _bHarperCollins, _c2000 |
||
| 300 |
_a159 pages : _billustrations ; _c23 cm |
||
| 505 | _aZ | ||
| 520 | _aA collection of humorous poems such as "The Dancing Hippopotami," "You Can't Make Me Eat That," "My Father's Name is Sasquatch," and "Dear Wumbledeedumble." | ||
| 521 | 8 |
_a1090
_bLexile |
|
| 521 | 8 |
_aZ
_bRaz-Plus |
|
| 700 | _aPrelutsky, Jack | ||
| 942 |
_2ddc _cBK _n0 |
||
| 999 |
_c3993 _d3993 |
||